Pays les plus proches du golfe Persique - Statistiques

Statistiques générales
  • Ce quiz a été pris 15 553 fois
  • Le résultat moyen est 20 sur 22
Statistiques - réponses
km Pays % Correct
0 Irak
98%
0 Iran
98%
0 Arabie Saoudite
97%
0 Oman
96%
0 Émirats arabes unis
95%
0 Qatar
95%
551 Yémen
95%
1198 Israël
93%
846 Syrie
92%
0 Koweït
91%
440 Pakistan
91%
843 Turquie
90%
502 Afghanistan
89%
1128 Inde
89%
863 Jordanie
89%
0 Bahreïn
87%
1181 Liban
87%
968 Arménie
82%
890 Azerbaïdjan
82%
1208 Géorgie
82%
1036 Turkménistan
77%
1207 Russie
67%
Aucun quiz correspondant
Distribution des résultats
% des personnes avec chaque résultat
Percentile par nombre de réponses
Votre historique - résultats
Vous n’avez pas pris ce quiz